[Event "zonal 1.1"]
[Site "Escaldes AND"]
[Date "1998.11.06"]
[Round "1"]
[White "Piket, Jeroen"]
[Black "De la Riva Aguado, Oscar"]
[Result "1/2-1/2"]
[WhiteElo "2605"]
[BlackElo "2510"]
[EventDate "1998.11.06"]
[PlyCount "36"]

1.d4 f5 2.g3 Nf6 3.Bg2 g6 4.c4 Bg7 5.Nf3 O-O 6.O-O d6 7.Nc3 c6 8.d5 e5 9.
dxe6 Bxe6 10.Bf4 Bxc4 11.Bxd6 Re8 12.Ne5 Be6 13.Rc1 Nbd7 14.Nd3 Bf7 15.b3 
Nb6 16.Ba3 Nbd5 17.Bb2 Nxc3 18.Bxc3 Bd5 1/2-1/2

[Event "zonal 1.1"]
[Site "Escaldes AND"]
[Date "1998.11.06"]
[Round "1"]
[White "Hebden, Mark"]
[Black "San Segundo Carrillo, Pablo"]
[Result "1-0"]
[WhiteElo "2590"]
[BlackElo "2490"]
[EventDate "1998.11.06"]
[PlyCount "131"]

1.d4 d5 2.c4 c6 3.Nf3 Nf6 4.e3 Bf5 5.cxd5 cxd5 6.Qb3 Qc7 7.Bd2 e6 8.Bb5+ 
Nc6 9.O-O Bd6 10.Bb4 O-O 11.Bxc6 bxc6 12.Nbd2 Rfc8 13.Rfc1 Nd7 14.Ba3 a5 
15.Qc3 a4 16.Bxd6 Qxd6 17.b4 axb3 18.Nxb3 Ra3 19.Ne5 Nxe5 20.dxe5 Qe7 21.
Qd4 h6 22.Qb6 Bd3 23.Rxc6 Rxc6 24.Qxc6 Kh7 25.Qc3 Bc4 26.Qc2+ Kg8 27.Rb1 
Qc7 28.Qb2 Qa7 29.Nc1 Qa5 30.h3 Qc3 31.Qxc3 Rxc3 32.Nb3 g5 33.Rb2 Kg7 34.
g4 Kg6 35.Kg2 h5 36.Nd2 hxg4 37.hxg4 Ra3 38.Nxc4 dxc4 39.Rc2 Ra4 40.Kf3 f6
41.exf6 Kxf6 42.Ke4 c3+ 43.Kd3 Rxg4 44.Kxc3 Ra4 45.Kb3 Ra8 46.a4 Kf5 47.
Rc5+ e5 48.f3 Rf8 49.Kc4 Ke6 50.Kd3 Kd6 51.Rb5 Rxf3 52.Ke4 Rh3 53.a5 Rh8 
54.Rb6+ Kc7 55.Rg6 Ra8 56.a6 g4 57.Kxe5 g3 58.Rg7+ Kb6 59.Rxg3 Re8+ 60.Kd5
Rd8+ 61.Ke5 Re8+ 62.Kf5 Kxa6 63.e4 Kb7 64.e5 Kc7 65.Rd3 Rh8 66.Kg6 1-0

[Event "zonal 1.1"]
[Site "Escaldes AND"]
[Date "1998.11.06"]
[Round "1"]
[White "Arlandi, Ennio"]
[Black "Emms, John"]
[Result "1/2-1/2"]
[WhiteElo "2440"]
[BlackElo "2585"]
[EventDate "1998.11.06"]
[PlyCount "48"]

1.d4 Nf6 2.c4 e6 3.Nc3 Bb4 4.Qc2 d5 5.cxd5 exd5 6.Bg5 h6 7.Bxf6 Qxf6 8.a3 
Ba5 9.e3 c5 10.dxc5 Bf5 11.Qa4+ Nc6 12.Ne2 Bxc3+ 13.Nxc3 d4 14.Nb5 dxe3 
15.Nc7+ Kf8 16.O-O-O Rc8 17.Nd5 Qe5 18.fxe3 Ne7 19.Qd4 Qxd4 20.Rxd4 Rxc5+ 
21.Nc3 g6 22.Rc4 Rxc4 23.Bxc4 Kg7 24.e4 Rc8 1/2-1/2

[Event "zonal 1.1"]
[Site "Escaldes AND"]
[Date "1998.11.06"]
[Round "1"]
[White "Vaisser, Anatoli"]
[Black "Galego, Luis"]
[Result "1-0"]
[WhiteElo "2575"]
[BlackElo "2425"]
[EventDate "1998.11.06"]
[PlyCount "127"]

1.d4 Nf6 2.c4 e6 3.Nc3 Bb4 4.e3 O-O 5.Nf3 c5 6.Be2 b6 7.O-O Bxc3 8.bxc3 
Bb7 9.Nd2 d6 10.a4 Nbd7 11.a5 Qc7 12.a6 Bc6 13.Bb2 Rab8 14.Qb3 d5 15.cxd5 
exd5 16.c4 dxc4 17.Qxc4 Rfe8 18.Qc2 Bd5 19.Rfc1 Qc6 20.Bf3 Bxf3 21.Nxf3 
Qe6 22.dxc5 bxc5 23.Ng5 Qb3 24.Bxf6 Qxc2 25.Rxc2 gxf6 26.Nh3 Re6 27.Kf1 
Rd6 28.Nf4 Rbb6 29.Rca2 Nb8 30.e4 Rxa6 31.Nd5 Kf8 32.g4 Rxa2 33.Rxa2 Na6 
34.Ne3 Rc6 35.Nc4 Kg7 36.Ke2 Re6 37.f3 Kf8 38.Ra5 Rc6 39.Ke3 Kg7 40.Kf4 
Kf8 41.Kf5 Kg7 42.Ra2 Kf8 43.Ra3 Kg7 44.h4 Kf8 45.g5 Kg7 46.Rd3 Nc7 47.Rd7
Nb5 48.e5 fxg5 49.hxg5 Rc7 50.Rd8 Nd4+ 51.Kg4 Nc6 52.Rd5 Ne7 53.Rd8 Nc6 
54.Rd6 a5 55.f4 a4 56.Rd5 h6 57.Nd6 Ra7 58.Rxc5 a3 59.Rxc6 a2 60.Ne8+ Kf8 
61.Rc8 f5+ 62.Kxf5 hxg5 63.Nf6+ Kf7 64.fxg5 1-0

[Event "zonal 1.1"]
[Site "Escaldes AND"]
[Date "1998.11.06"]
[Round "1"]
[White "Claesen, Pieter"]
[Black "Van der Sterren, Paul"]
[Result "1/2-1/2"]
[WhiteElo "2410"]
[BlackElo "2575"]
[EventDate "1998.11.06"]
[PlyCount "94"]

1.c4 e5 2.Nc3 Nf6 3.Nf3 Nc6 4.d4 exd4 5.Nxd4 Bb4 6.g3 O-O 7.Bg2 Ne5 8.Qb3 
Bc5 9.Nc2 d6 10.Na4 Bb6 11.Nxb6 axb6 12.Ne3 Be6 13.Qc3 Qc8 14.h3 Re8 15.b3
c5 16.Qd2 Qc7 17.Bb2 Rad8 18.f4 Nc6 19.Bxf6 gxf6 20.O-O f5 21.Rae1 Qe7 22.
Nd1 Qf6 23.Nc3 Qd4+ 24.Qxd4 cxd4 25.Na4 Ra8 26.Rc1 Bxc4 27.Rxc4 b5 28.Rxc6
bxc6 29.Bxc6 bxa4 30.Rd1 axb3 31.axb3 Rab8 32.Bxe8 Rxe8 33.Kf2 Re4 34.b4 
Kf8 35.b5 Ke7 36.b6 d3 37.exd3 Rb4 38.Re1+ Kf6 39.Kf3 Rxb6 40.g4 Rb2 41.
g5+ Kg6 42.Re8 Rh2 43.Kg3 Rd2 44.Rg8+ Kh5 45.Rh8 Rxd3+ 46.Kg2 Rd2+ 47.Kg3 
Rd3+ 1/2-1/2

[Event "zonal 1.1"]
[Site "Escaldes AND"]
[Date "1998.11.06"]
[Round "1"]
[White "Bacrot, Etienne"]
[Black "Cekro, Ekrem"]
[Result "1-0"]
[WhiteElo "2555"]
[BlackElo "2385"]
[EventDate "1998.11.06"]
[PlyCount "97"]

1.d4 Nf6 2.Nf3 e6 3.c4 d5 4.Nc3 c6 5.Bg5 h6 6.Bxf6 Qxf6 7.e3 Nd7 8.Rc1 Bd6
9.Bd3 O-O 10.O-O Qe7 11.e4 dxc4 12.Bxc4 e5 13.d5 Nb6 14.dxc6 bxc6 15.Be2 
Bg4 16.Nd2 Be6 17.Bg4 Rfd8 18.Bxe6 Qxe6 19.Qe2 Bc5 20.Nb3 Bd4 21.Na5 Rd6 
22.b4 Qg6 23.Nb1 Qe6 24.Rc2 Qd7 25.Kh1 Nc8 26.Nd2 Rb8 27.a3 Ne7 28.Ndc4 
Rg6 29.Rd1 Qc7 30.Nb3 Rd8 31.Rcd2 Re6 32.f4 Re8 33.fxe5 c5 34.Nxd4 cxd4 
35.Rxd4 Ng6 36.Rd7 Qb8 37.Qf2 R6e7 38.h3 Qb5 39.Qd4 Nxe5 40.Nxe5 Rxe5 41.
Qxa7 Rxe4 42.Qf2 Qc4 43.Rd8 Qc3 44.Rxe8+ Rxe8 45.Rf1 Re7 46.Qf3 Qb2 47.Qd3
Re2 48.Qd5 Kh7 49.Rxf7 1-0

[Event "zonal 1.1"]
[Site "Escaldes AND"]
[Date "1998.11.06"]
[Round "1"]
[White "Quinn, Mark"]
[Black "Magem Badals, Jordi"]
[Result "1/2-1/2"]
[WhiteElo "2350"]
[BlackElo "2540"]
[EventDate "1998.11.06"]
[PlyCount "53"]

1.Nf3 d5 2.d4 Nf6 3.c4 dxc4 4.Nc3 a6 5.a4 e6 6.Bg5 Bb4 7.e3 c5 8.Bxc4 cxd4
9.exd4 O-O 10.O-O Nc6 11.Rc1 Be7 12.Re1 Bd7 13.Qd2 Nb4 14.Ne5 Bc6 15.Nxc6 
bxc6 16.Rcd1 a5 17.Bf4 Ra7 18.Qe2 Rb7 19.Be5 Nbd5 20.Rd3 Nxc3 21.bxc3 Nd5 
22.Rh3 g6 23.Qf3 Bd6 24.Bxd5 cxd5 25.Qf4 Bxe5 26.dxe5 f5 27.Rd3 1/2-1/2

[Event "zonal 1.1"]
[Site "Escaldes AND"]
[Date "1998.11.06"]
[Round "1"]
[White "Brady, Stephen"]
[Black "Comas Fabrego, Luis"]
[Result "0-1"]
[WhiteElo "2315"]
[BlackElo "2540"]
[EventDate "1998.11.06"]
[PlyCount "100"]

1.e4 e6 2.d4 d5 3.Nd2 Nf6 4.e5 Nfd7 5.c3 c5 6.Bd3 Nc6 7.Ne2 cxd4 8.cxd4 f6
9.exf6 Nxf6 10.Nf3 Bd6 11.O-O O-O 12.Bg5 Bd7 13.Bh4 Be8 14.Bxh7+ Kxh7 15.
Ng5+ Kg8 16.Nxe6 Bxh2+ 17.Kh1 Qe7 18.Nxf8 Bd6 19.Ng3 Qxf8 20.Nf5 Bg6 21.
Nxd6 Qxd6 22.Qb3 Rf8 23.Rad1 Qd7 24.f3 Nh5 25.Rfe1 Nf4 26.Bg3 Bh5 27.Qe3 
Nxg2 28.Kxg2 Bxf3+ 29.Qxf3 Rxf3 30.Kxf3 Qf5+ 31.Kg2 Qc2+ 32.Kh3 Qf5+ 33.
Kh2 Qc2+ 34.Kh3 Qxb2 35.Rb1 Qxa2 36.Rxb7 Qd2 37.Rc7 Qh6+ 38.Kg2 Qd2+ 39.
Kh3 Nxd4 40.Rxa7 Qh6+ 41.Kg2 Qd2+ 42.Bf2 Nf5 43.Rd7 Qg5+ 44.Kh1 Qh5+ 45.
Kg1 Qg4+ 46.Kf1 Ng3+ 47.Bxg3 Qxd7 48.Bf2 Qh3+ 49.Ke2 Qg4+ 50.Kd2 Qf4+ 0-1

[Event "zonal 1.1"]
[Site "Escaldes AND"]
[Date "1998.11.06"]
[Round "1"]
[White "Dias, Paulo"]
[Black "Nijboer, Friso"]
[Result "1/2-1/2"]
[WhiteElo "2295"]
[BlackElo "2525"]
[EventDate "1998.11.06"]
[PlyCount "36"]

1.d4 Nf6 2.c4 g6 3.Nc3 d5 4.cxd5 Nxd5 5.Na4 e5 6.dxe5 Bb4+ 7.Bd2 Ne3 8.
fxe3 Bxd2+ 9.Qxd2 Qh4+ 10.g3 Qxa4 11.Qd4 Qa5+ 12.b4 Qa4 13.e6 O-O 14.exf7+
Rxf7 15.Qd8+ Rf8 16.Qd5+ Rf7 17.Qd8+ Kg7 18.Qd4+ Kg8 1/2-1/2

[Event "zonal 1.1"]
[Site "Escaldes AND"]
[Date "1998.11.07"]
[Round "2"]
[White "Illescas Cordoba, Miguel"]
[Black "Miralles, Gilles"]
[Result "1/2-1/2"]
[WhiteElo "2605"]
[BlackElo "2515"]
[EventDate "1998.11.06"]
[PlyCount "103"]

1.e4 e5 2.Nf3 Nc6 3.Bb5 a6 4.Ba4 Nf6 5.O-O Be7 6.Re1 b5 7.Bb3 d6 8.c3 O-O 
9.h3 Na5 10.Bc2 c5 11.d4 Qc7 12.Nbd2 Bd7 13.Nf1 Rfe8 14.b3 cxd4 15.cxd4 
Rac8 16.Ne3 Bf8 17.Bb2 Nc6 18.Rc1 Qa7 19.d5 Ne7 20.Nh2 Ng6 21.Nhg4 Be7 22.
g3 Nxg4 23.hxg4 Bg5 24.Bd3 Rxc1 25.Bxc1 Rc8 26.Bb2 Qb6 27.Kg2 Nf8 28.Nf5 
Bxf5 29.gxf5 Nd7 30.b4 h6 31.Re2 Qb7 32.a4 Nb6 33.axb5 axb5 34.Bxb5 Nc4 
35.Bxc4 Rxc4 36.Qa4 Rxb4 37.Qe8+ Kh7 38.Rc2 Rxb2 39.Rc8 Qxc8 40.Qxc8 Be3 
41.Qd7 Rxf2+ 42.Kh3 Bc5 43.Qxf7 Rf1 44.Qg6+ Kh8 45.Qe8+ Kh7 46.Qg6+ Kh8 
47.Kg4 Rf2 48.Qh5 Kh7 49.Qg6+ Kh8 50.Qh5 Kh7 51.Qh1 Bd4 52.Qh5 1/2-1/2

[Event "zonal 1.1"]
[Site "Escaldes AND"]
[Date "1998.11.07"]
[Round "2"]
[White "Van den Doel, Erik"]
[Black "Piket, Jeroen"]
[Result "0-1"]
[WhiteElo "2480"]
[BlackElo "2605"]
[EventDate "1998.11.06"]
[PlyCount "212"]

1.e4 e5 2.Nf3 Nc6 3.Bb5 a6 4.Ba4 Nf6 5.O-O Be7 6.Re1 b5 7.Bb3 d6 8.c3 O-O 
9.h3 Na5 10.Bc2 c5 11.d4 Qc7 12.Nbd2 cxd4 13.cxd4 Nc6 14.Nb3 a5 15.Be3 a4 
16.Nbd2 Bd7 17.a3 Rfe8 18.Rc1 Qb7 19.Qe2 Rab8 20.Bd3 exd4 21.Nxd4 Ne5 22.
Bb1 Bd8 23.Bg5 h6 24.Bh4 b4 25.Nf1 Qa7 26.Red1 bxa3 27.bxa3 g5 28.Bg3 Bb6 
29.Nf3 Bc5 30.Nxe5 dxe5 31.Qf3 Kg7 32.Ne3 Rb3 33.Rd3 Bd4 34.Rcd1 Qc5 35.
Kh2 Be6 36.Nf5+ Bxf5 37.Qxf5 Rxd3 38.Rxd3 Qc8 39.Qf3 Qc4 40.Qf5 Qc8 41.Qf3
Qc4 42.Qf5 Qe6 43.Bc2 Qxf5 44.exf5 Rc8 45.Bxa4 Rc1 46.Bd1 Ne4 47.Bf3 Nc5 
48.Rd2 Ra1 49.Bd5 Rxa3 50.Ra2 Rxa2 51.Bxa2 Ne4 52.Bb1 Nd2 53.Bc2 Kf6 54.
Kg1 h5 55.h4 g4 56.Bh2 Nc4 57.Kf1 Nd6 58.Ke2 Nxf5 59.Bg3 Bc5 60.Bb1 Bd6 
61.Be4 Ke6 62.Bb7 Nd4+ 63.Kd3 f5 64.f3 Kf6 65.Bf2 Ne6 66.Kc4 Ba3 67.Be3 
Bb2 68.Bc8 Ba3 69.Bb6 Be7 70.Be3 f4 71.Bb6 Bd8 72.Bxd8+ Nxd8 73.fxg4 hxg4 
74.Bxg4 Nc6 75.Kd5 Nd4 76.h5 Nc2 77.Ke4 Ne3 78.Bh3 Nf1 79.Bd7 Ng3+ 80.Kd5 
Nxh5 81.Bb5 Ng3 82.Bd3 Nh1 83.Bb1 Nf2 84.Bc2 Ng4 85.Be4 Ne3+ 86.Kd6 Nd1 
87.Bc2 Nf2 88.Kd5 Ng4 89.Be4 Ne3+ 90.Kd6 Nd1 91.Kc5 Nf2 92.Bb7 e4 93.Kd4 
e3 94.Ba6 Nh1 95.Ke4 Kg5 96.Kf3 Ng3 97.Bb7 Nf5 98.Ke2 Kh4 99.Ke1 Kg3 100.
Be4 Nh4 101.Kf1 Nxg2 102.Ke2 Nh4 103.Bd3 Nf3 104.Be4 Nd4+ 105.Ke1 f3 106.
Bd3 e2 0-1

[Event "zonal 1.1"]
[Site "Escaldes AND"]
[Date "1998.11.07"]
[Round "2"]
[White "De la Riva Aguado, Oscar"]
[Black "David, Alberto"]
[Result "1/2-1/2"]
[WhiteElo "2510"]
[BlackElo "2520"]
[EventDate "1998.11.06"]
[PlyCount "44"]

1.e4 c5 2.Nf3 Nc6 3.Bb5 d6 4.O-O Bd7 5.c3 Nf6 6.Re1 a6 7.Bxc6 Bxc6 8.d4 
Bxe4 9.Bg5 Bd5 10.Nbd2 e6 11.c4 Bxf3 12.Qxf3 cxd4 13.Bxf6 gxf6 14.Qxb7 Qc8
15.Qd5 Be7 16.Qxd4 Qc6 17.Ne4 Rg8 18.g3 Rg6 19.Rad1 Rd8 20.Nc3 Rc8 21.Ne4 
Rd8 22.Nc3 Rc8 1/2-1/2

[Event "zonal 1.1"]
[Site "Escaldes AND"]
[Date "1998.11.07"]
[Round "2"]
[White "Magem Badals, Jordi"]
[Black "Claesen, Pieter"]
[Result "1/2-1/2"]
[WhiteElo "2540"]
[BlackElo "2410"]
[EventDate "1998.11.06"]
[PlyCount "49"]

1.e4 e6 2.d4 d5 3.Nc3 dxe4 4.Nxe4 Bd7 5.Nf3 Bc6 6.Bd3 Nd7 7.O-O Ngf6 8.
Ned2 Be7 9.Nc4 Bd5 10.Nce5 c5 11.c4 Bxf3 12.Nxf3 Qb6 13.dxc5 Bxc5 14.b3 e5
15.Qc2 O-O 16.Bb2 Rfe8 17.Rae1 Qc7 18.Re2 Re7 19.Rfe1 Rae8 20.a3 a5 21.Bf5
g6 22.Bxd7 Nxd7 23.Qc3 Qb6 24.g3 f6 25.Qc2 1/2-1/2

[Event "zonal 1.1"]
[Site "Escaldes AND"]
[Date "1998.11.07"]
[Round "2"]
[White "Kosten, Anthony Cornelius"]
[Black "Cekro, Ekrem"]
[Result "0-1"]
[WhiteElo "2515"]
[BlackElo "2385"]
[EventDate "1998.11.06"]
[PlyCount "72"]

1.e4 g6 2.d4 Bg7 3.Nc3 d6 4.Nf3 Nf6 5.Be3 c6 6.Qd2 b5 7.Bd3 Bg4 8.e5 b4 9.
Ne4 Nxe4 10.Bxe4 d5 11.Bd3 Bxf3 12.gxf3 Qb6 13.h4 e6 14.h5 Nd7 15.O-O-O c5
16.dxc5 Nxc5 17.hxg6 hxg6 18.Rxh8+ Bxh8 19.f4 Qa5 20.Rh1 Bg7 21.Rh7 Nxd3+ 
22.Qxd3 Kf8 23.Qb3 Qb5 24.Rh1 a5 25.a4 Qc6 26.Kb1 d4 27.Rd1 dxe3 28.fxe3 
Rc8 29.Rd6 Qc7 30.Qd3 Kg8 31.e4 Bf8 32.Rd4 Qc6 33.f5 exf5 34.exf5 Bg7 35.
fxg6 Qxg6 36.Qb3 Qg1+ 0-1

[Event "zonal 1.1"]
[Site "Escaldes AND"]
[Date "1998.11.07"]
[Round "2"]
[White "Nijboer, Friso"]
[Black "Quinn, Mark"]
[Result "1/2-1/2"]
[WhiteElo "2525"]
[BlackElo "2350"]
[EventDate "1998.11.06"]
[PlyCount "80"]

1.e4 c5 2.Nf3 Nc6 3.d4 cxd4 4.Nxd4 g6 5.c4 Bg7 6.Be3 Nf6 7.Nc3 O-O 8.Be2 
b6 9.Nc2 Bb7 10.O-O Rc8 11.f3 d6 12.Qd2 Rc7 13.Rac1 e6 14.Bg5 Rd7 15.Rfd1 
Qe7 16.Qf4 Nh5 17.Bxe7 Nxf4 18.Bxf8 Bxc3 19.Bf1 Bxb2 20.Rb1 Kxf8 21.Rxb2 
Ke7 22.Ne3 g5 23.Rbd2 Ng6 24.Kf2 Na5 25.Nc2 Bc6 26.Na3 Ba4 27.Rb1 Rc7 28.
Rb4 Bd7 29.g3 Rc5 30.Be2 Bc6 31.Nb5 Bxb5 32.cxb5 Ne5 33.Rbd4 Nec4 34.Bxc4 
Nxc4 35.Rc2 d5 36.exd5 exd5 37.a4 Kd6 38.f4 f6 39.fxg5 fxg5 40.h4 h6 
1/2-1/2

[Event "zonal 1.1"]
[Site "Escaldes AND"]
[Date "1998.11.07"]
[Round "2"]
[White "Simonet Pons, Marc"]
[Black "Dorfman, Iossif"]
[Result "0-1"]
[WhiteElo "2270"]
[BlackElo "2585"]
[EventDate "1998.11.06"]
[PlyCount "60"]

1.d4 Nf6 2.c4 e6 3.Nf3 b6 4.a3 Ba6 5.Qc2 c5 6.e4 cxd4 7.Nxd4 Bc5 8.Nb3 Nc6
9.Be2 O-O 10.O-O Qc7 11.g3 h6 12.Bf4 e5 13.Nxc5 bxc5 14.Be3 Nd4 15.Bxd4 
exd4 16.f4 d6 17.Nd2 Bb7 18.h3 a5 19.Kh2 Bc6 20.Bd3 Rab8 21.a4 Rfe8 22.b3 
Re7 23.Rae1 Rbe8 24.Re2 Nd7 25.Rfe1 Nb8 26.Qb1 Na6 27.e5 dxe5 28.fxe5 Rxe5
29.Be4 Nb4 30.Nf3 R5e7 0-1

[Event "zonal 1.1"]
[Site "Escaldes AND"]
[Date "1998.11.07"]
[Round "2"]
[White "Wells, Peter"]
[Black "Garcia Paolicchi, Raul"]
[Result "1/2-1/2"]
[WhiteElo "2515"]
[BlackElo "2340"]
[EventDate "1998.11.06"]
[PlyCount "34"]

1.e4 c5 2.Nf3 Nc6 3.Bb5 g6 4.O-O Bg7 5.c3 Nf6 6.Qa4 O-O 7.d4 cxd4 8.cxd4 
a6 9.Re1 Rb8 10.Bxc6 bxc6 11.Nc3 Qb6 12.b3 d6 13.e5 Nd5 14.Nxd5 cxd5 15.
exd6 exd6 16.h3 Bf5 17.Bb2 Bh6 1/2-1/2

[Event "zonal 1.1"]
[Site "Escaldes AND"]
[Date "1998.11.07"]
[Round "2"]
[White "San Segundo Carrillo, Pablo"]
[Black "Brady, Stephen"]
[Result "1/2-1/2"]
[WhiteElo "2490"]
[BlackElo "2315"]
[EventDate "1998.11.06"]
[PlyCount "77"]

1.d4 d5 2.Nf3 Nf6 3.c4 dxc4 4.e3 Bg4 5.Bxc4 e6 6.h3 Bh5 7.Nc3 Nbd7 8.O-O 
Bd6 9.e4 e5 10.g4 Bg6 11.dxe5 Nxe5 12.Nxe5 Bxe5 13.f4 Qd4+ 14.Qxd4 Bxd4+ 
15.Kh2 Bxc3 16.bxc3 Bxe4 17.g5 Bd5 18.Re1+ Kf8 19.Ba3+ Kg8 20.gxf6 Bxc4 
21.Re7 h6 22.Rxc7 b5 23.Bc5 gxf6 24.a4 Kh7 25.Bxa7 bxa4 26.Rxa4 Be6 27.Ra5
Rhc8 28.Rxc8 Bxc8 29.c4 Bb7 30.Kg3 Rc8 31.c5 Bd5 32.Bb6 Kg6 33.Kf2 Bc6 34.
Ra7 Bd5 35.Ke3 Re8+ 36.Kd2 Ra8 37.Rxa8 Bxa8 38.Bc7 Bg2 39.h4 1/2-1/2

[Event "zonal 1.1"]
[Site "Escaldes AND"]
[Date "1998.11.07"]
[Round "2"]
[White "Gallego Martinez, Ruben"]
[Black "Garcia Ilundain, David"]
[Result "0-1"]
[WhiteElo "2305"]
[BlackElo "2485"]
[EventDate "1998.11.06"]
[PlyCount "72"]

1.e4 c5 2.d3 Nc6 3.Nf3 g6 4.g3 Bg7 5.Bg2 d6 6.O-O Nf6 7.c3 O-O 8.Re1 Bg4 
9.h3 Bxf3 10.Qxf3 Rb8 11.Qd1 Nd7 12.Nd2 b5 13.Nf3 b4 14.Qc2 bxc3 15.bxc3 
Qa5 16.Bd2 Qa3 17.Rab1 Nb6 18.Kh2 Qa4 19.Rec1 Qxc2 20.Rxc2 Na4 21.Rxb8 
Rxb8 22.Bf1 Kf8 23.Kg2 Ke8 24.Be2 h6 25.d4 e6 26.Be3 Kd7 27.d5 exd5 28.
exd5 Ne7 29.c4 Nf5 30.Rd2 Nxe3+ 31.fxe3 Rb1 32.Rd1 Rb4 33.Rd2 Nc3 34.Bd3 
Ra4 35.Rb2 Kc7 36.g4 Nxd5 0-1

[Event "zonal 1.1"]
[Site "Escaldes AND"]
[Date "1998.11.07"]
[Round "2"]
[White "Gentilleau, Jean-Philippe"]
[Black "Vaisser, Anatoli"]
[Result "0-1"]
[WhiteElo "2195"]
[BlackElo "2575"]
[EventDate "1998.11.06"]
[PlyCount "60"]

1.e4 c5 2.Nc3 Nc6 3.f4 e6 4.Nf3 d5 5.Bb5 Nf6 6.Bxc6+ bxc6 7.e5 Nd7 8.O-O 
c4 9.b3 Ba6 10.bxc4 Bxc4 11.d3 Ba6 12.Kh1 Qa5 13.Ne2 g6 14.Bd2 Qc7 15.Qe1 
Bg7 16.Rg1 O-O 17.Ba5 Qc8 18.Rb1 c5 19.Nc3 Qc6 20.Qd2 f6 21.exf6 Rxf6 22.
Rge1 Raf8 23.Ne2 Bh6 24.Bc3 d4 25.Ba1 e5 26.c3 Bxf4 27.Nxf4 Rxf4 28.cxd4 
exd4 29.Re7 Bb7 30.Rxb7 Qxb7 0-1

[Event "zonal 1.1"]
[Site "Escaldes AND"]
[Date "1998.11.07"]
[Round "2"]
[White "Galego, Luis"]
[Black "Fernando, Diego"]
[Result "1-0"]
[WhiteElo "2425"]
[BlackElo "2185"]
[EventDate "1998.11.06"]
[PlyCount "75"]

1.Nf3 d6 2.g3 f5 3.d4 Nf6 4.Bg2 g6 5.O-O Bg7 6.c4 O-O 7.Nc3 c6 8.d5 Qe8 9.
Nd4 Bd7 10.Rb1 Na6 11.e3 Rc8 12.b3 h6 13.Ba3 g5 14.f4 Ng4 15.Qd2 Qg6 16.
Rbe1 Rf7 17.Bb2 Nc5 18.b4 Na6 19.dxc6 bxc6 20.b5 cxb5 21.cxb5 Nc5 22.Nc6 
Kh7 23.Nxa7 Rg8 24.Re2 e5 25.Nc6 gxf4 26.exf4 exf4 27.Rxf4 Ne6 28.Qxd6 
Nxf4 29.Qxf4 Qh5 30.Bd5 Re8 31.Bxf7 Qxf7 32.Qd2 Bxc6 33.bxc6 Qa7+ 34.Kh1 
Rc8 35.Qd5 Rf8 36.Nb5 Qa4 37.Bxg7 Kxg7 38.Qd4+ 1-0

[Event "zonal 1.1"]
[Site "Escaldes AND"]
[Date "1998.11.08"]
[Round "3"]
[White "Dorfman, Iossif"]
[Black "Bauer, Christian"]
[Result "1/2-1/2"]
[WhiteElo "2585"]
[BlackElo "2490"]
[EventDate "1998.11.06"]
[PlyCount "21"]

1.d4 e6 2.Nf3 c5 3.g3 Nf6 4.Bg2 cxd4 5.Nxd4 Nc6 6.O-O Qb6 7.Nb3 d5 8.a4 
Be7 9.a5 Qd8 10.Bg5 O-O 11.N1d2 1/2-1/2

[Event "zonal 1.1"]
[Site "Escaldes AND"]
[Date "1998.11.08"]
[Round "3"]
[White "Hebden, Mark"]
[Black "Galego, Luis"]
[Result "1-0"]
[WhiteElo "2590"]
[BlackElo "2425"]
[EventDate "1998.11.06"]
[PlyCount "45"]

1.d4 g6 2.e4 Bg7 3.Nf3 d6 4.Nc3 c6 5.Be3 Nf6 6.Qd2 O-O 7.Bh6 Qa5 8.Bd3 e5 
9.h3 Re8 10.O-O Nbd7 11.a3 Nf8 12.Rfe1 Ne6 13.d5 Bxh6 14.Qxh6 Nf4 15.Ng5 
Qc7 16.Bc4 c5 17.g3 N4h5 18.Be2 Ng7 19.Rf1 Re7 20.f4 Nge8 21.Rf2 Qd8 22.
Raf1 a6 23.fxe5 1-0

[Event "zonal 1.1"]
[Site "Escaldes AND"]
[Date "1998.11.08"]
[Round "3"]
[White "Claesen, Pieter"]
[Black "Emms, John"]
[Result "1/2-1/2"]
[WhiteElo "2410"]
[BlackElo "2585"]
[EventDate "1998.11.06"]
[PlyCount "47"]

1.c4 c5 2.Nc3 g6 3.g3 Bg7 4.Bg2 Nc6 5.e4 Nf6 6.Nge2 O-O 7.d3 a6 8.O-O Rb8 
9.a4 d6 10.h3 Ne8 11.Be3 e5 12.f4 exf4 13.gxf4 f5 14.d4 cxd4 15.Nxd4 Nf6 
16.c5 Nxd4 17.Bxd4 fxe4 18.Qb3+ Kh8 19.Rad1 Bf5 20.Be5 Qc8 21.Bxd6 Re8 22.
Bxb8 Qxc5+ 23.Kh1 Rxb8 24.Nd5 1/2-1/2

[Event "zonal 1.1"]
[Site "Escaldes AND"]
[Date "1998.11.08"]
[Round "3"]
[White "Cekro, Ekrem"]
[Black "Nijboer, Friso"]
[Result "0-1"]
[WhiteElo "2385"]
[BlackElo "2525"]
[EventDate "1998.11.06"]
[PlyCount "84"]

1.c4 Nf6 2.g3 g6 3.Bg2 Bg7 4.Nc3 O-O 5.e3 d6 6.Nge2 Nc6 7.d4 Bd7 8.h3 Qc8 
9.b3 e5 10.Bb2 a5 11.Rc1 Re8 12.d5 Nb4 13.a3 Na6 14.Qc2 c6 15.Na4 Qc7 16.
dxc6 Bxc6 17.O-O Bxg2 18.Kxg2 Qc6+ 19.Kh2 b5 20.cxb5 Qxb5 21.Nac3 Qb7 22.
a4 Nc7 23.Ba3 Ra6 24.Rfd1 d5 25.Rb1 h5 26.Rdc1 h4 27.b4 hxg3+ 28.Nxg3 Rc6 
29.bxa5 Qc8 30.Qe2 Rc4 31.Rb4 Rxb4 32.Bxb4 Qd7 33.Qd3 e4 34.Qe2 Rb8 35.Nb5
Ne6 36.Bc3 Ng5 37.Qf1 Ng4+ 38.Kg1 Bxc3 39.Rxc3 Ne5 40.Nd4 Nxh3+ 41.Kg2 Ng5
42.Qh1 Rb1 0-1

[Event "zonal 1.1"]
[Site "Escaldes AND"]
[Date "1998.11.08"]
[Round "3"]
[White "Quinn, Mark"]
[Black "Wells, Peter"]
[Result "1/2-1/2"]
[WhiteElo "2350"]
[BlackElo "2515"]
[EventDate "1998.11.06"]
[PlyCount "55"]

1.c4 Nf6 2.Nc3 e5 3.Nf3 Nc6 4.e3 Bb4 5.Qc2 Bxc3 6.Qxc3 Qe7 7.a3 O-O 8.b4 
d5 9.b5 d4 10.Qb2 Nb8 11.d3 c5 12.Be2 Bg4 13.h3 Bh5 14.O-O Nbd7 15.Nh4 
Bxe2 16.Qxe2 Qe6 17.e4 a6 18.Rb1 Nb6 19.bxa6 bxa6 20.f4 Na4 21.fxe5 Nc3 
22.Qe1 Nd7 23.Rb2 Nxe5 24.Qg3 Rab8 25.Nf5 g6 26.Nh6+ Kg7 27.Rbf2 f6 28.Bf4
1/2-1/2

[Event "zonal 1.1"]
[Site "Escaldes AND"]
[Date "1998.11.08"]
[Round "3"]
[White "Garcia Paolicchi, Raul"]
[Black "San Segundo Carrillo, Pablo"]
[Result "0-1"]
[WhiteElo "2340"]
[BlackElo "2490"]
[EventDate "1998.11.06"]
[PlyCount "48"]

1.d4 d5 2.Nf3 Nf6 3.c4 c6 4.Nc3 e6 5.cxd5 exd5 6.Bg5 h6 7.Bh4 Bf5 8.Qb3 
Nbd7 9.e3 Qb6 10.Nd2 Bd6 11.Be2 O-O 12.Rc1 Rae8 13.Qxb6 axb6 14.a4 Bb4 15.
O-O Re6 16.Nf3 Ra8 17.Ra1 Ree8 18.Bxf6 Nxf6 19.Ne5 Ra5 20.Bd3 Bxd3 21.Nxd3
Bxc3 22.bxc3 Ne4 23.Rfc1 Nd2 24.Nb2 Nb3 0-1

[Event "zonal 1.1"]
[Site "Escaldes AND"]
[Date "1998.11.08"]
[Round "3"]
[White "Brady, Stephen"]
[Black "Kosten, Anthony Cornelius"]
[Result "1/2-1/2"]
[WhiteElo "2315"]
[BlackElo "2515"]
[EventDate "1998.11.06"]
[PlyCount "54"]

1.e4 c5 2.c3 e6 3.d4 d5 4.exd5 exd5 5.Be3 c4 6.b3 cxb3 7.axb3 Nc6 8.Bd3 
Bd6 9.Qf3 Nf6 10.h3 h6 11.Ne2 Ne7 12.Bf4 Bxf4 13.Nxf4 O-O 14.O-O Bf5 15.
Nd2 Bxd3 16.Nxd3 Qc7 17.Ne5 Rfc8 18.Rfc1 Nc6 19.Nxc6 Qxc6 20.Qd3 Re8 21.c4
a6 22.c5 Ne4 23.Nf3 Qf6 24.b4 Qf4 25.Rc2 Ng5 26.Nxg5 hxg5 27.Rd1 Re4 
1/2-1/2

[Event "zonal 1.1"]
[Site "Escaldes AND"]
[Date "1998.11.08"]
[Round "3"]
[White "Dias, Paulo"]
[Black "Van den Doel, Erik"]
[Result "0-1"]
[WhiteElo "2295"]
[BlackElo "2480"]
[EventDate "1998.11.06"]
[PlyCount "32"]

1.d4 Nf6 2.c4 e6 3.Nc3 Bb4 4.Qc2 O-O 5.Bg5 c5 6.e3 h6 7.Bh4 cxd4 8.exd4 
Nc6 9.Nf3 d5 10.c5 g5 11.Bg3 Ne4 12.O-O-O Bxc3 13.bxc3 Qa5 14.Bd6 Qa3+ 15.
Kb1 Nxc3+ 16.Ka1 Nb4 0-1

[Event "zonal 1.1"]
[Site "Escaldes AND"]
[Date "1998.11.08"]
[Round "3"]
[White "Fernando, Diego"]
[Black "Gallego Martinez, Ruben"]
[Result "1-0"]
[WhiteElo "2185"]
[BlackElo "2305"]
[EventDate "1998.11.06"]
[PlyCount "63"]

1.e4 c5 2.d3 Nc6 3.g3 e6 4.Bg2 g6 5.f4 d6 6.Nf3 Bg7 7.O-O Nge7 8.c3 O-O 9.
Be3 b6 10.Bf2 Bb7 11.Nbd2 Qd7 12.Re1 h6 13.g4 f5 14.gxf5 gxf5 15.Bg3 Kh8 
16.Nh4 Ba6 17.exf5 exf5 18.Qa4 Bc8 19.Ng6+ Nxg6 20.Bxc6 Qc7 21.Bxa8 Bd7 
22.Qb3 Rxa8 23.Qf7 Kh7 24.Re6 Nh8 25.Qxf5+ Kg8 26.Qd5 Bxe6 27.Qxa8+ Kf7 
28.Re1 Qd7 29.Nc4 d5 30.f5 Bxf5 31.Nd6+ Kg6 32.Qxd5 1-0

[Event "zonal 1.1"]
[Site "Escaldes AND"]
[Date "1998.11.09"]
[Round "4"]
[White "Van der Sterren, Paul"]
[Black "Quinn, Mark"]
[Result "1-0"]
[WhiteElo "2575"]
[BlackElo "2350"]
[EventDate "1998.11.06"]
[PlyCount "46"]

1.Nf3 Nf6 2.c4 e6 3.g3 d5 4.Bg2 dxc4 5.Qa4+ Nbd7 6.Qxc4 a6 7.Qc2 Be7 8.O-O
O-O 9.d4 c5 10.Nc3 cxd4 11.Nxd4 Bc5 12.Rd1 Qe7 13.h3 Re8 14.Be3 h6 15.Rac1
Ba7 16.Qb3 Nc5 17.Qa3 Bd7 18.b4 e5 19.Nf3 Ne6 20.Bxa7 Rxa7 21.Nxe5 Bc8 22.
f4 a5 23.Nb5 Ra6 1-0

[Event "zonal 1.1"]
[Site "Escaldes AND"]
[Date "1998.11.09"]
[Round "4"]
[White "Simonet Pons, Marc"]
[Black "Gallego Martinez, Ruben"]
[Result "0-1"]
[WhiteElo "2270"]
[BlackElo "2305"]
[EventDate "1998.11.06"]
[PlyCount "52"]

1.d4 g6 2.c4 Bg7 3.e4 d6 4.Nc3 Nf6 5.Be2 O-O 6.Nf3 e5 7.Be3 exd4 8.Nxd4 
Re8 9.f3 c6 10.Qd2 d5 11.exd5 cxd5 12.O-O Nc6 13.Rad1 Nxd4 14.Bxd4 dxc4 
15.Bxc4 Be6 16.Bb5 Rf8 17.Qf2 Qa5 18.Qh4 a6 19.Ba4 Nh5 20.g4 Nf4 21.Bxg7 
Kxg7 22.g5 Qb6+ 23.Kh1 Qxb2 24.Qxf4 Qxc3 25.Rd4 Rac8 26.h4 Rc5 0-1